000 00753nam a2200289Ia 4500
005 20260324121219.0
008 008 260324s9999 xx 000 0 eng d
020 _a9780203095188
037 _aEBOOK
040 _aCRL
040 _beng
040 _cCRL
041 _2eng
041 _aeng
084 _qCRL
100 _aFaridah Pawan; Eli Hinkel; Pu Hong
_91161644
245 4 _aThe Pedagogy and Practice of Western-trained Chinese English Language Teachers
245 0 _bForeign Education, Chinese Meanings
260 _bTaylor and Francis
260 _c2014
365 _a
365 _b255
856 _uhttp://www.taylorfrancis.com/books/9780203095188
942 _cEBOOK
999 _c1753602
_d1753602